[Event "POL-ch U10"]
[Site "Sielpia"]
[Date "2023.03.06"]
[Round "4"]
[White "Ejsymont, Eryk"]
[Black "Maciejewski, Iwo"]
[Result "0-1"]
[WhiteElo "1403"]
[BlackElo "1106"]
[PlyCount "152"]
[EventDate "2023.03.04"]
[EventType "swiss"]
[EventRounds "9"]
[EventCountry "POL"]
[SourceTitle "EXT 2024"]
[Source "ChessBase"]
[SourceDate "2023.10.10"]
[SourceVersion "1"]
[SourceVersionDate "2023.10.10"]
[SourceQuality "1"]
[WhiteTeam "Poland"]
[BlackTeam "Poland"]
[WhiteTeamCountry "POL"]
[BlackTeamCountry "POL"]

1. e4 c5 2. Nf3 Nc6 3. d4 cxd4 4. Nxd4 g6 5. c4 Bg7 6. Be3 d6 7. Nc3 Nf6 8. Be2 Bd7 9. 0-0 0-0 10. Qd2 a6 11. f3 Ne8 12. b3 Nc7 13. Rac1 Ne6 14. Nxe6 fxe6 15. Kh1 Qa5 16. Bh6 Qh5 17. Bxg7 Kxg7 18. f4 Qc5 19. e5 Rad8 20. Ne4 Qd4 21. Qxd4 Nxd4 22. exd6 exd6 23. Bg4 h5 24. Bh3 Ne2 25. Rcd1 Nxf4 26. Rxd6 Bc6 27. Rxd8 Rxd8 28. Ng5 Rd2 29. Rg1 Rd3 30. Nxe6+ Nxe6 31. Bxe6 Kf6 32. Bd5 Bxd5 33. cxd5 Rxd5 34. Rc1 Rd2 35. h4 Rxa2 36. Rc7 b5 37. Kh2 Ra3 38. Rc6+ Kg7 39. Rb6 Rxb3 40. Rxa6 Rb1 41. Kg3 b4 42. Kf4 b3 43. Kg5 Rg1 44. Ra7+ Kf8 45. Kxg6 b2 46. Ra8+ Ke7 47. Ra7+ Kd8 48. Rb7 b1Q+ 49. Rxb1 Rxb1 50. Kxh5 Ke7 51. Kg6 Kf8 52. g4 Kg8 53. h5 Rb6+ 54. Kf5 Kg7 55. g5 Rb1 56. h6+ Kh7 57. Kg4 Kg6 58. Kh4 Rg1 59. h7 Rh1+ 60. Kg4 Rxh7 61. Kf4 Rh5 62. Ke4 Rxg5 63. Kd4 Kf6 64. Ke4 Rf5 65. Kd4 Re5 66. Kc4 Ke6 67. Kd4 Kd6 68. Kc4 Rd5 69. Kc3 Kc5 70. Kb3 Rd3+ 71. Kc2 Kc4 72. Kb2 Rc3 73. Ka2 Rb3 74. Ka1 Kc3 75. Ka2 Kc2 76. Ka1 Ra3# 0-1

[Event "POL-ch U10"]
[Site "Sielpia"]
[Date "2023.03.05"]
[Round "2"]
[White "Maciejewski, Iwo"]
[Black "Olejko, Wojciech"]
[Result "1-0"]
[WhiteElo "1106"]
[BlackElo "1273"]
[PlyCount "75"]
[EventDate "2023.03.04"]
[EventType "swiss"]
[EventRounds "9"]
[EventCountry "POL"]
[SourceTitle "EXT 2024"]
[Source "ChessBase"]
[SourceDate "2023.10.10"]
[SourceVersion "1"]
[SourceVersionDate "2023.10.10"]
[SourceQuality "1"]
[WhiteTeam "Poland"]
[BlackTeam "Poland"]
[WhiteTeamCountry "POL"]
[BlackTeamCountry "POL"]

1. e4 e5 2. Nc3 Nf6 3. f4 d5 4. fxe5 Nxe4 5. Nf3 Bc5 6. d4 Bb4 7. Bd2 c5 8. a3 Bxc3 9. bxc3 0-0 10. Be2 Nc6 11. 0-0 Bg4 12. dxc5 Bxf3 13. Bxf3 Nxe5 14. Bxe4 dxe4 15. Qe2 Re8 16. Rad1 Ng6 17. Qc4 Qd7 18. Rfe1 Qe6 19. Qb4 Qc6 20. Be3 a5 21. Qb6 f5 22. g3 Kf7 23. Rf1 Ne7 24. Bg5 g6 25. Rd6 Qxb6 26. Rxb6 Rac8 27. Rb5 a4 28. Rd1 Ke6 29. Rd6+ Kf7 30. Kf2 Rc6 31. Ke2 Rec8 32. Rxb7 R6c7 33. Rd7 Rxb7 34. Rxb7 Re8 35. c6 Ke6 36. Bxe7 Rxe7 37. c7 Kd7 38. c8Q+ 1-0